Supernova shells and their birth events (Record no. 9682)

MARC details
000 -LEADER
fixed length control field 00917nam a2200217Ia 4500
003 - CONTROL NUMBER IDENTIFIER
control field IN-BaIIA
008 - FIXED-LENGTH DATA ELEMENTS--GENERAL INFORMATION
fixed length control field 211028s9999 xx 000 0 eng d
020 ## - INTERNATIONAL STANDARD BOOK NUMBER
International Standard Book Number 3-540-50435-4
040 ## - CATALOGING SOURCE
Transcribing agency IIA Library
080 ## - UNIVERSAL DECIMAL CLASSIFICATION NUMBER
Universal Decimal Classification number 524.352(082.2)
Item number SUP
111 ## - MAIN ENTRY--MEETING NAME
Meeting name or jurisdiction name as entry element Workshop on Supernova Shells and their Birth Events
Location of meeting Physikzentrum bad Honnef, Germany
Date of meeting or treaty signing 1988 Mar. 7-11
9 (RLIN) 16344
245 #0 - TITLE STATEMENT
Title Supernova shells and their birth events
Remainder of title proceedings of a workshop on supernova shells and their birth events, held in Physikzentrum bad Honnef, Germany, 7-11 Mar 1988
Statement of responsibility, etc. edited by Wolfgang Kundt
260 ## - PUBLICATION, DISTRIBUTION, ETC.
Place of publication, distribution, etc. Berlin
Name of publisher, distributor, etc. Springer-Verlag
Date of publication, distribution, etc. 1988
300 ## - PHYSICAL DESCRIPTION
Extent viii, 252p.
490 ## - SERIES STATEMENT
Series statement Lecture notes in physics; v. 316
650 ## - SUBJECT ADDED ENTRY--TOPICAL TERM
Topical term or geographic name entry element Astronomy and astrophysics thesaurus
650 ## - SUBJECT ADDED ENTRY--TOPICAL TERM
Topical term or geographic name entry element Supernova remarks
9 (RLIN) 16345
650 ## - SUBJECT ADDED ENTRY--TOPICAL TERM
Topical term or geographic name entry element Supernovae shells
9 (RLIN) 16346
700 ## - ADDED ENTRY--PERSONAL NAME
Personal name Kundt, Wolfgang ed.
9 (RLIN) 16347
942 ## - ADDED ENTRY ELEMENTS (KOHA)
Koha item type Books
Holdings
Withdrawn status Lost status Damaged status Not for loan Home library Current library Shelving location Date acquired Total Checkouts Full call number Barcode Date last seen Price effective from Koha item type
        IIA Library-Bangalore IIA Library-Bangalore General Stacks     524.352(082.2)/ SUP 10592 05/11/2021   Books

Powered by Koha